| 000 | 00600nam a2200181 i 4500 | ||
|---|---|---|---|
| 001 | bg | ||
| 245 | 0 |
_aFizykochemiczne metody identyfikacji związków organicznych : _bskrypt dla studentów : praca zbiorowa / _cpod red. Władysława Czuby, Henryki Poradowskiej. |
|
| 260 |
_aKraków : _bPolit. Krakowska, _c1981. |
||
| 300 |
_as. 410 : _brys., tab. |
||
| 504 | _a[Zawiera bibliogr.]. | ||
| 700 | 1 |
_aCZUBA, Władysław. _eRed. |
|
| 700 | 1 |
_aPORADOWSKA, Henryka. _eRed. |
|
| 040 | _cBPK | ||
| 041 | _apol | ||
| 080 | _a547:541.11(075.8) | ||
| 942 | _cKS | ||
| 008 | s pl f |000 0 pol | ||
| 999 |
_c20351 _d20351 |
||
| 856 |
_uhttp://koha.tu.koszalin.pl/cgi-bin/koha/opac-detail.pl?biblionumber=20351 _yKatalog online BPK |
||